[Event "OL 2018 Women"]
[Site "Batumi"]
[Date "2018.09.24"]
[Round "1.1"]
[White "Faqeeh, Rahaf"]
[Black "Vasova, Maria"]
[Result "0-1"]
[WhiteElo "1400"]
[BlackElo "2143"]
[PlyCount "40"]
[EventDate "2018.??.??"]
[EventCountry "GEO"]
[WhiteTeam "Palestine"]
[BlackTeam "Denmark"]
[WhiteTeamCountry "PLE"]
[BlackTeamCountry "DEN"]

1. c4 c6 2. g3 Nf6 3. Bg2 d5 4. cxd5 cxd5 5. Nc3 Nc6 6. d3 d4 7. Ne4 Nxe4 8.
Bxe4 e5 9. Bg2 Be7 10. Nf3 O-O 11. O-O Be6 12. a3 a5 13. Bd2 a4 14. Bb4 Nxb4
15. axb4 Bb3 16. Qd2 f6 17. Ne1 Qb6 18. Nc2 Rac8 19. Rac1 Rc7 20. e3 Rfc8 0-1

[Event "OL 2018 Women"]
[Site "Batumi"]
[Date "2018.09.24"]
[Round "1.3"]
[White "Albzoor, Anwar"]
[Black "Nilssen, Ellen Fredericia"]
[Result "0-1"]
[WhiteElo "1595"]
[BlackElo "2101"]
[PlyCount "48"]
[EventDate "2018.??.??"]
[EventCountry "GEO"]
[WhiteTeam "Palestine"]
[BlackTeam "Denmark"]
[WhiteTeamCountry "PLE"]
[BlackTeamCountry "DEN"]

1. Nf3 Nf6 2. c4 e6 3. Nc3 d5 4. cxd5 exd5 5. d4 c6 6. g3 Bd6 7. Bg2 O-O 8. O-O
Re8 9. e3 Bg4 10. Qb3 Qc7 11. Bd2 Nbd7 12. Rac1 a6 13. Na4 Ne4 14. Bb4 Bxb4 15.
Qxb4 a5 16. Qe1 Re6 17. Nc3 Qd6 18. Nxe4 Rxe4 19. Qd2 Re6 20. Qc2 a4 21. Ng5
Rh6 22. Nf3 Qf6 23. Nd2 Qg5 24. Bf3 Qh5 0-1

[Event "OL 2018 Women"]
[Site "Batumi"]
[Date "2018.09.24"]
[Round "1.4"]
[White "Fredericia, Louise Winther"]
[Black "Faqeeh, Yara"]
[Result "1-0"]
[WhiteElo "2060"]
[BlackElo "1451"]
[PlyCount "69"]
[EventDate "2018.??.??"]
[EventCountry "GEO"]
[WhiteTeam "Denmark"]
[BlackTeam "Palestine"]
[WhiteTeamCountry "DEN"]
[BlackTeamCountry "PLE"]

1. e4 e6 2. c4 b6 3. d4 d5 4. cxd5 exd5 5. e5 c5 6. Nf3 Nc6 7. Nc3 cxd4 8. Nxd4
Nxd4 9. Qxd4 Be6 10. Bb5+ Bd7 11. Qxd5 Bxb5 12. Qxb5+ Qd7 13. O-O Bc5 14. b4
Be7 15. a3 Rc8 16. Rd1 Qxb5 17. Nxb5 a6 18. Nd6+ Bxd6 19. Rxd6 Rb8 20. Be3 Ne7
21. Rad1 O-O 22. Rxb6 Rxb6 23. Bxb6 Nc6 24. f4 Re8 25. Bc5 h6 26. Rd7 g5 27. g3
Rd8 28. Rxd8+ Nxd8 29. f5 Kg7 30. a4 Nc6 31. b5 axb5 32. axb5 Nb8 33. b6 Nd7
34. b7 Kg8 35. Bd6 1-0

[Event "OL 2018 Women"]
[Site "Batumi"]
[Date "2018.09.25"]
[Round "2.1"]
[White "Guindy, Esmat Susanne"]
[Black "Sebag, Marie"]
[Result "0-1"]
[WhiteElo "2157"]
[BlackElo "2480"]
[PlyCount "114"]
[EventDate "2018.??.??"]
[EventCountry "GEO"]
[WhiteTeam "Denmark"]
[BlackTeam "France"]
[WhiteTeamCountry "DEN"]
[BlackTeamCountry "FRA"]

1. d4 d5 2. c4 c6 3. cxd5 cxd5 4. Bf4 Nf6 5. Nc3 Nc6 6. e3 a6 7. Be2 Bf5 8. Nf3
e6 9. Qb3 Ra7 10. Ne5 Nxe5 11. Bxe5 Nd7 12. Bg3 Be7 13. O-O O-O 14. Rac1 b5 15.
a4 b4 16. Na2 Qb6 17. Bd3 Bxd3 18. Qxd3 b3 19. Nc3 Qb4 20. Qd1 Nb6 21. Ra1 Nc4
22. Qe2 Rc8 23. Rfc1 Raa8 24. f3 Qb7 25. Nd1 Bb4 26. Be1 Rc6 27. Bxb4 Qxb4 28.
Rc3 Rac8 29. Kf1 h6 30. Qe1 f5 31. Rd3 Qxe1+ 32. Kxe1 Na5 33. Nc3 Rc4 34. Rad1
Kf7 35. e4 Rd8 36. exd5 exd5 37. Re3 Nc6 38. Ne2 Rb8 39. Rc3 Rbb4 40. Rdd3 Na5
41. Nf4 Rxc3 42. Rxc3 Rxd4 43. Rc7+ Kf6 44. Rc5 Rxf4 45. Rxa5 Ke5 46. Rxa6 Rc4
47. Rg6 Rc2 48. a5 Rxb2 49. Kd1 Ra2 50. Kc1 Rxa5 51. Kb2 Ra7 52. Kxb3 Rc7 53.
g4 f4 54. h4 Kd4 55. g5 hxg5 56. Rxg5 Ke3 57. Rxd5 Kxf3 0-1

[Event "OL 2018 Women"]
[Site "Batumi"]
[Date "2018.09.25"]
[Round "2.2"]
[White "Guichard, Pauline"]
[Black "Vasova, Maria"]
[Result "1-0"]
[WhiteElo "2390"]
[BlackElo "2143"]
[PlyCount "81"]
[EventDate "2018.??.??"]
[EventCountry "GEO"]
[WhiteTeam "France"]
[BlackTeam "Denmark"]
[WhiteTeamCountry "FRA"]
[BlackTeamCountry "DEN"]

1. d4 d5 2. c4 c6 3. Nf3 Nf6 4. g3 g6 5. Bg2 Bg7 6. b3 O-O 7. Bb2 Bg4 8. h3
Bxf3 9. Bxf3 Nbd7 10. Nc3 e6 11. O-O Re8 12. Bg2 a5 13. Rb1 Qb8 14. Qd3 h5 15.
Bc1 e5 16. cxd5 exd4 17. dxc6 bxc6 18. Na4 Qb4 19. Rd1 Nd5 20. Bb2 Nc3 21. Bxc3
dxc3 22. Qc2 Nb8 23. Rd3 Na6 24. Bxc6 Qf8 25. a3 Qxa3 26. Bxe8 Rxe8 27. Rxc3
Bxc3 28. Qxc3 Qb4 29. Qc6 Re6 30. Qc8+ Kg7 31. e3 h4 32. g4 Qe4 33. Rd1 Qf3 34.
Rd8 Qxh3 35. Rg8+ Kh6 36. Rh8+ Kg5 37. Qd8+ Kxg4 38. Qd4+ Kf3 39. Qd1+ Ke4 40.
Rxh4+ Qxh4 41. Qd4+ 1-0

[Event "OL 2018 Women"]
[Site "Batumi"]
[Date "2018.09.25"]
[Round "2.3"]
[White "Kryger, Oksana"]
[Black "Milliet, Sophie"]
[Result "0-1"]
[WhiteElo "2137"]
[BlackElo "2389"]
[PlyCount "120"]
[EventDate "2018.??.??"]
[EventCountry "GEO"]
[WhiteTeam "Denmark"]
[BlackTeam "France"]
[WhiteTeamCountry "DEN"]
[BlackTeamCountry "FRA"]

1. d4 Nf6 2. c4 e6 3. Nf3 c5 4. d5 d6 5. Nc3 g6 6. e4 Bg7 7. dxe6 Bxe6 8. Bf4
Qa5 9. Qd2 Nc6 10. Be2 O-O 11. O-O Rad8 12. Rad1 Bg4 13. Bg5 Rd7 14. Qf4 Bxf3
15. Bxf3 Ne8 16. Bg4 Be5 17. Qd2 f5 18. exf5 gxf5 19. Bf3 Nd4 20. Bd5+ Kh8 21.
Rfe1 f4 22. Qd3 a6 23. Qh3 Qc7 24. f3 Nc2 25. Be6 Rg7 26. Bh6 Nxe1 27. Rxe1 Nf6
28. Bxg7+ Qxg7 29. Re2 Re8 30. Kf1 Bxc3 31. bxc3 Qg5 32. Qf5 Qxf5 33. Bxf5 Rxe2
34. Kxe2 b6 35. Bc8 a5 36. Bb7 Kg7 37. g3 Nh5 38. Kf2 Kf6 39. Bc6 Ke5 40. Be8
Ng7 41. Bf7 Nf5 42. g4 Ne3 43. Ke2 h6 44. Kd3 Ng2 45. Bg8 Nh4 46. Bd5 b5 47.
cxb5 Kxd5 48. c4+ Ke6 49. Ke4 Ng2 50. h4 Nxh4 51. Kxf4 Ng6+ 52. Ke4 Ne5 53. b6
Kd7 54. Kd5 Nxf3 55. b7 Kc7 56. b8=Q+ Kxb8 57. Kxd6 Nh2 58. Kxc5 Nxg4 59. Kd4
h5 60. Ke4 h4 0-1

[Event "OL 2018 Women"]
[Site "Batumi"]
[Date "2018.09.25"]
[Round "2.4"]
[White "Haussernot, Cecile"]
[Black "Nilssen, Ellen Fredericia"]
[Result "0-1"]
[WhiteElo "2237"]
[BlackElo "2101"]
[PlyCount "84"]
[EventDate "2018.??.??"]
[EventCountry "GEO"]
[WhiteTeam "France"]
[BlackTeam "Denmark"]
[WhiteTeamCountry "FRA"]
[BlackTeamCountry "DEN"]

1. e4 e6 2. d3 d5 3. Qe2 Nf6 4. Nf3 b6 5. Nbd2 Be7 6. g3 Bb7 7. Bg2 c5 8. e5
Nfd7 9. h4 h6 10. Nf1 Nc6 11. Bf4 Qc7 12. Ne3 Nf8 13. c4 Nd4 14. Nxd4 cxd4 15.
Nc2 dxc4 16. Bxb7 Qxb7 17. O-O g5 18. Bd2 gxh4 19. dxc4 Rd8 20. Qd3 Rg8 21. Kh2
Ng6 22. Rae1 hxg3+ 23. fxg3 Nh4 24. Re4 Nf5 25. Bf4 h5 26. Qf3 d3 27. Ne3 d2
28. Nd1 Rg4 29. Nf2 d1=Q 30. Rxd1 Rxd1 31. Qxd1 Nxg3 32. Bxg3 Rxe4 33. Nxe4
Qxe4 34. Qxh5 Qxc4 35. Qf3 Qxa2 36. Qc6+ Kf8 37. Bf4 Qxb2+ 38. Kg3 Kg7 39. Kg4
Qe2+ 40. Kg3 Qd3+ 41. Kg4 Qf5+ 42. Kg3 Bh4+ 0-1

[Event "OL 2018 Women"]
[Site "Batumi"]
[Date "2018.09.26"]
[Round "3.1"]
[White "Shabanaj, Eglantina"]
[Black "Guindy, Esmat Susanne"]
[Result "0-1"]
[WhiteElo "1953"]
[BlackElo "2157"]
[PlyCount "58"]
[EventDate "2018.??.??"]
[EventCountry "GEO"]
[WhiteTeam "Albania"]
[BlackTeam "Denmark"]
[WhiteTeamCountry "ALB"]
[BlackTeamCountry "DEN"]

1. e4 e6 2. d4 d5 3. Nd2 Nf6 4. e5 Nfd7 5. Bd3 c5 6. c3 Nc6 7. Ne2 cxd4 8. cxd4
f6 9. Nf4 Nxd4 10. Qh5+ Ke7 11. Ng6+ hxg6 12. Qxh8 Nxe5 13. Bb1 Qc7 14. O-O
Ne2+ 15. Kh1 Nxc1 16. Bxg6 Nxg6 17. Qh7 Nd3 18. Qxg6 Qc2 19. Kg1 Qxd2 20. Rad1
Ne5 21. Qg3 Qa5 22. Rfe1 Bd7 23. f4 Nc4 24. b4 Qb6+ 25. Kh1 d4 26. Re4 Ne3 27.
Rd3 Rc8 28. Qe1 Qc6 29. Rdxd4 Nc2 0-1

[Event "OL 2018 Women"]
[Site "Batumi"]
[Date "2018.09.26"]
[Round "3.2"]
[White "Vasova, Maria"]
[Black "Shabanaj, Alda"]
[Result "1-0"]
[WhiteElo "2143"]
[BlackElo "1853"]
[PlyCount "95"]
[EventDate "2018.??.??"]
[EventCountry "GEO"]
[WhiteTeam "Denmark"]
[BlackTeam "Albania"]
[WhiteTeamCountry "DEN"]
[BlackTeamCountry "ALB"]

1. e4 c6 2. d4 d5 3. e5 Bf5 4. Nf3 e6 5. Be2 Nd7 6. O-O Be7 7. Nbd2 Qc7 8. Nb3
a6 9. c4 dxc4 10. Bxc4 h6 11. Bd2 g5 12. Ba5 b6 13. Bc3 g4 14. Ne1 h5 15. Rc1
Nh6 16. Bd3 a5 17. Nd2 O-O-O 18. Qa4 Bxd3 19. Nxd3 Nb8 20. b4 axb4 21. Nxb4 Nf5
22. Nb3 h4 23. d5 Bxb4 24. Qxb4 Rxd5 25. Qxg4 Kb7 26. Rfd1 Rhd8 27. h3 Qd7 28.
Rxd5 Qxd5 29. Qh5 Rd7 30. Rb1 Kc7 31. Rc1 c5 32. Bb4 Nc6 33. Bc3 Nxe5 34. a4
Nd3 35. Rb1 Qc4 36. a5 Qxc3 37. axb6+ Kb7 38. Qf3+ Rd5 39. Qh5 Nd6 40. Qxh4 Nc8
41. Qa4 c4 42. Ra1 Qxb3 43. Qa6+ Kc6 44. b7+ Nb6 45. b8=Q Nxf2 46. Qab7+ Kc5
47. Ra5+ Kd4 48. Qxb6+ 1-0

[Event "OL 2018 Women"]
[Site "Batumi"]
[Date "2018.09.26"]
[Round "3.3"]
[White "Gjergji, Rozana"]
[Black "Kryger, Oksana"]
[Result "0-1"]
[WhiteElo "1924"]
[BlackElo "2137"]
[PlyCount "94"]
[EventDate "2018.??.??"]
[EventCountry "GEO"]
[WhiteTeam "Albania"]
[BlackTeam "Denmark"]
[WhiteTeamCountry "ALB"]
[BlackTeamCountry "DEN"]

1. e4 e6 2. d4 d5 3. Nd2 Nc6 4. Bb5 a6 5. Bxc6+ bxc6 6. Ne2 c5 7. c3 Bb7 8.
Qa4+ Qd7 9. Qxd7+ Kxd7 10. exd5 Bxd5 11. O-O cxd4 12. Nxd4 Bd6 13. b3 Ne7 14.
Bb2 Rad8 15. Rad1 Kc8 16. Rfe1 Ng6 17. Ne4 Be7 18. Ng3 h5 19. Nf1 Bf6 20. Ne3
Ba8 21. Ne2 Ne5 22. Nc1 Rxd1 23. Rxd1 Rd8 24. Rxd8+ Kxd8 25. Kf1 Ng4 26. Nxg4
hxg4 27. Ne2 Kd7 28. Ba3 Be4 29. Bc5 Bb1 30. a3 Bc2 31. Nd4 Bd3+ 32. Ke1 e5 33.
Ne2 Be4 34. g3 Bc2 35. b4 Bg5 36. Be3 Bxe3 37. fxe3 Bd3 38. a4 Bc2 39. a5 Bd3
40. Kd2 Bxe2 41. Kxe2 c5 42. Kd3 cxb4 43. cxb4 f5 44. Kc3 Kc6 45. Kc4 g5 46.
Kd3 Kb5 47. Kc3 f4 0-1

[Event "OL 2018 Women"]
[Site "Batumi"]
[Date "2018.09.26"]
[Round "3.4"]
[White "Fredericia, Louise Winther"]
[Black "Tuzi, Bruna"]
[Result "1-0"]
[WhiteElo "2060"]
[BlackElo "1813"]
[PlyCount "71"]
[EventDate "2018.??.??"]
[EventCountry "GEO"]
[WhiteTeam "Denmark"]
[BlackTeam "Albania"]
[WhiteTeamCountry "DEN"]
[BlackTeamCountry "ALB"]

1. e4 c5 2. Nc3 Nc6 3. Bb5 Nd4 4. Bc4 g6 5. Nge2 Bg7 6. Nxd4 cxd4 7. Qf3 e6 8.
Nb5 Qb6 9. Qf4 Bh6 10. Nc7+ Kd8 11. Nxa8 Bxf4 12. Nxb6 axb6 13. g3 Bc7 14. d3
h5 15. h4 Ke7 16. c3 dxc3 17. bxc3 d6 18. Rb1 Nf6 19. Bg5 e5 20. Bd5 Be6 21.
Bxb7 Bxa2 22. Ra1 Rb8 23. Bd5 Bxd5 24. exd5 Bd8 25. Ra7+ Ke8 26. Bxf6 Bxf6 27.
Kd2 Rc8 28. Rb1 Bd8 29. Rb4 Rc5 30. c4 g5 31. hxg5 Bxg5+ 32. Ke2 Bd8 33. Rb1
Kf8 34. Rb7 Kg7 35. Rd7 Bc7 36. Rb5 1-0

[Event "OL 2018 Women"]
[Site "Batumi"]
[Date "2018.09.27"]
[Round "4.1"]
[White "Saduakassova, Dinara"]
[Black "Guindy, Esmat Susanne"]
[Result "1-0"]
[WhiteElo "2474"]
[BlackElo "2157"]
[PlyCount "59"]
[EventDate "2018.??.??"]
[EventCountry "GEO"]
[WhiteTeam "Kazakhstan"]
[BlackTeam "Denmark"]
[WhiteTeamCountry "KAZ"]
[BlackTeamCountry "DEN"]

1. d4 d5 2. c4 e6 3. Nf3 Nf6 4. g3 Be7 5. Bg2 O-O 6. O-O c6 7. Qc2 b6 8. Rd1
Bb7 9. b3 Na6 10. Nc3 Rc8 11. e4 c5 12. exd5 exd5 13. dxc5 Rxc5 14. Be3 Ra5 15.
Nd4 Qa8 16. Nf5 Ba3 17. Nb5 dxc4 18. Bxb7 Qxb7 19. Nxa3 Rxa3 20. Nd6 Qc6 21.
Qxc4 Nb8 22. Bg5 Ra5 23. Bxf6 gxf6 24. Qf4 Qc2 25. Rac1 Qg6 26. Nc8 Qg5 27.
Qxb8 Rd5 28. Ne7+ Kg7 29. Qxf8+ Kxf8 30. Nxd5 1-0

[Event "OL 2018 Women"]
[Site "Batumi"]
[Date "2018.09.27"]
[Round "4.2"]
[White "Kryger, Oksana"]
[Black "Abdumalik, Zhansaya"]
[Result "0-1"]
[WhiteElo "2137"]
[BlackElo "2482"]
[PlyCount "64"]
[EventDate "2018.??.??"]
[EventCountry "GEO"]
[WhiteTeam "Denmark"]
[BlackTeam "Kazakhstan"]
[WhiteTeamCountry "DEN"]
[BlackTeamCountry "KAZ"]

1. d4 Nf6 2. c4 g6 3. Nc3 c5 4. d5 e6 5. Nf3 d6 6. e4 exd5 7. exd5 Bg7 8. Qe2+
Kf8 9. h3 h5 10. Bf4 a6 11. Qe3 b5 12. cxb5 Ra7 13. Be2 Re7 14. Qd2 axb5 15.
Nxb5 Ne4 16. Qd1 Qa5+ 17. Kf1 Ba6 18. Qb3 Bf6 19. h4 Kg7 20. Rd1 Nd7 21. a4
Rhe8 22. Bd3 Nb6 23. g3 c4 24. Bxc4 Nc5 25. Qa2 Nxc4 26. Qxc4 Nxa4 27. Nfd4
Nxb2 28. Qb3 Nxd1 29. Kg2 Bxb5 30. Qxb5 Qxb5 31. Nxb5 Nc3 32. Nxd6 Rd8 0-1

[Event "OL 2018 Women"]
[Site "Batumi"]
[Date "2018.09.27"]
[Round "4.3"]
[White "Nakhbayeva, Guliskhan"]
[Black "Nilssen, Ellen Fredericia"]
[Result "1-0"]
[WhiteElo "2394"]
[BlackElo "2101"]
[PlyCount "79"]
[EventDate "2018.??.??"]
[EventCountry "GEO"]
[WhiteTeam "Kazakhstan"]
[BlackTeam "Denmark"]
[WhiteTeamCountry "KAZ"]
[BlackTeamCountry "DEN"]

1. d4 d5 2. c4 e6 3. Nc3 Be7 4. cxd5 exd5 5. Bf4 Nf6 6. Qc2 c6 7. h3 O-O 8. e3
Re8 9. Bd3 Nbd7 10. Nf3 Nf8 11. O-O Ne6 12. Bh2 g6 13. Rab1 a6 14. Na4 Ng7 15.
Nc5 Bxc5 16. dxc5 Ne4 17. Ne5 f6 18. Nf3 Qe7 19. b4 Nf5 20. Rfe1 Bd7 21. Nd2
Nxd2 22. Qxd2 Qf7 23. Rbd1 Be6 24. a3 Rad8 25. Bf4 Ng7 26. e4 dxe4 27. Rxe4 Bd5
28. Rxe8+ Rxe8 29. Qc3 Bb3 30. Rb1 Ba2 31. Ra1 Bd5 32. Bc1 Ne6 33. h4 Rd8 34.
Bf1 Kg7 35. Bb2 Nf4 36. Re1 Be6 37. Qe3 Qc7 38. g3 Nh3+ 39. Kh2 Re8 40. Bxh3
1-0

[Event "OL 2018 Women"]
[Site "Batumi"]
[Date "2018.09.27"]
[Round "4.4"]
[White "Fredericia, Louise Winther"]
[Black "Serikbay, Assel"]
[Result "0-1"]
[WhiteElo "2060"]
[BlackElo "2125"]
[PlyCount "70"]
[EventDate "2018.??.??"]
[EventCountry "GEO"]
[WhiteTeam "Denmark"]
[BlackTeam "Kazakhstan"]
[WhiteTeamCountry "DEN"]
[BlackTeamCountry "KAZ"]

1. f4 d5 2. Nf3 g6 3. e3 Bg7 4. Be2 Nd7 5. Nc3 c6 6. b3 e5 7. fxe5 Nxe5 8. Bb2
Ne7 9. O-O Qc7 10. Qe1 Nxf3+ 11. Bxf3 Be5 12. g3 h5 13. d4 Bg7 14. Rd1 f5 15.
Na4 Be6 16. c4 O-O-O 17. Nc5 Bf7 18. cxd5 Nxd5 19. e4 fxe4 20. Bxe4 Rde8 21.
Qf2 Rhf8 22. Rde1 Qd6 23. Qg2 Nf6 24. Bf3 g5 25. Rc1 Nd5 26. Bxh5 Ne3 27. Qh3+
g4 28. Bxg4+ Kc7 29. Rf4 Nxg4 30. Qxg4 Bh6 31. Ba3 Bxf4 32. Na6+ Kb6 33. Bxd6
Be3+ 34. Kf1 Bc4+ 35. Ke1 Rf1# 0-1

[Event "OL 2018 Women"]
[Site "Batumi"]
[Date "2018.09.28"]
[Round "5.1"]
[White "Guindy, Esmat Susanne"]
[Black "Rodriguez Arrieta, Maria Elena"]
[Result "1-0"]
[WhiteElo "2157"]
[BlackElo "1943"]
[PlyCount "147"]
[EventDate "2018.??.??"]
[EventCountry "GEO"]
[WhiteTeam "Denmark"]
[BlackTeam "Costa Rica"]
[WhiteTeamCountry "DEN"]
[BlackTeamCountry "CRI"]

1. c4 e6 2. Nf3 Nf6 3. g3 d5 4. d4 Be7 5. Bg2 O-O 6. O-O Nbd7 7. Qc2 c6 8. b3
b6 9. Re1 Bb7 10. Nc3 Rc8 11. e4 dxe4 12. Nxe4 Nxe4 13. Qxe4 Nf6 14. Qc2 c5 15.
dxc5 Bxc5 16. Bb2 Re8 17. Bc3 Be7 18. Rad1 Qc7 19. Be5 Qc5 20. Bd4 Qc7 21. Qb2
Bc6 22. Re5 Qb7 23. Nh4 Bxg2 24. Nxg2 Red8 25. Rde1 Rd7 26. Nf4 Rcd8 27. Bc3
Ng4 28. R5e2 Bf6 29. Nh5 Bxc3 30. Qxc3 f6 31. Rxe6 Ne5 32. Rxf6 Rd1 33. Qxe5
Rxe1+ 34. Qxe1 gxf6 35. Qe6+ Qf7 36. Nxf6+ Kg7 37. Qg4+ Qg6 38. Nh5+ Kg8 39.
Qf3 Rf8 40. Qd5+ Qf7 41. Nf4 Qxd5 42. Nxd5 Rd8 43. Kf1 Kf7 44. Ke2 b5 45. Ne3
bxc4 46. Nxc4 Re8+ 47. Kf3 Re1 48. h3 Rh1 49. h4 Re1 50. g4 Rh1 51. h5 Ra1 52.
a4 Rc1 53. Ke2 Rg1 54. f4 Rg3 55. Ne3 Rg1 56. b4 Ra1 57. a5 Rb1 58. Nc2 Rb3 59.
g5 Rh3 60. Ne3 Rxh5 61. Kd3 Rh1 62. Ke4 Rb1 63. Nd5 Rd1 64. Ke5 Rd2 65. Kd6 Ke8
66. f5 Kf7 67. Kc6 Rg2 68. b5 Rxg5 69. b6 axb6 70. axb6 Rg1 71. b7 Rb1 72. Nb6
Rc1+ 73. Kd6 Rd1+ 74. Ke5 1-0

[Event "OL 2018 Women"]
[Site "Batumi"]
[Date "2018.09.28"]
[Round "5.2"]
[White "Gamboa Alvarado, Olga Leticia"]
[Black "Vasova, Maria"]
[Result "1/2-1/2"]
[WhiteElo "1869"]
[BlackElo "2143"]
[PlyCount "117"]
[EventDate "2018.??.??"]
[EventCountry "GEO"]
[WhiteTeam "Costa Rica"]
[BlackTeam "Denmark"]
[WhiteTeamCountry "CRI"]
[BlackTeamCountry "DEN"]

1. d4 Nf6 2. c4 e6 3. Nf3 Bb4+ 4. Bd2 a5 5. Nc3 b6 6. g3 Bb7 7. Bg2 O-O 8. O-O
d6 9. b3 Nbd7 10. a3 Bxc3 11. Bxc3 Ne4 12. Bb2 f5 13. Nd2 Qg5 14. Nxe4 fxe4 15.
Qc2 Nf6 16. d5 e3 17. f4 Qh5 18. Bxf6 Rxf6 19. Bf3 Qh3 20. Bg2 Qh5 21. Bf3 Qe8
22. dxe6 Bxf3 23. Rxf3 Rxe6 24. Qd3 Rd8 25. Rc1 c6 26. Rc3 d5 27. Rxe3 d4 28.
Rxe6 Qxe6 29. Rc2 Qe7 30. a4 c5 31. Qf3 h6 32. Rd2 Re8 33. Kf1 Kh7 34. h4 Qf6
35. Rd3 Qe6 36. f5 Qf6 37. Qf4 Qe7 38. Qg4 Qe5 39. Qg6+ Kh8 40. Qg4 Qe7 41. Qh5
Qe4 42. Qf3 Qe5 43. Qg4 Kg8 44. Qh5 Re7 45. Qg4 Re8 46. Qh5 Re7 47. Qg4 Kf8 48.
Qh5 Kg8 49. Qg4 Kf7 50. Qg6+ Kf8 51. Qh5 Kg8 52. Qg4 Kf7 53. Qg6+ Kg8 54. Qh5
Kf8 55. Qg4 Ke8 56. Qh5+ Kf8 57. Qg4 Kg8 58. Qh5 Kf8 59. Qg4 1/2-1/2

[Event "OL 2018 Women"]
[Site "Batumi"]
[Date "2018.09.28"]
[Round "5.3"]
[White "Nilssen, Ellen Fredericia"]
[Black "Castillo Morales, Thais"]
[Result "1-0"]
[WhiteElo "2101"]
[BlackElo "1925"]
[PlyCount "39"]
[EventDate "2018.??.??"]
[EventCountry "GEO"]
[WhiteTeam "Denmark"]
[BlackTeam "Costa Rica"]
[WhiteTeamCountry "DEN"]
[BlackTeamCountry "CRI"]

1. d4 e6 2. c4 Nf6 3. Nf3 b6 4. a3 Bb7 5. Nc3 Be7 6. Qc2 O-O 7. e4 d5 8. cxd5
exd5 9. e5 Ne4 10. Bd3 f5 11. exf6 Nxf6 12. O-O c5 13. Ng5 Bc8 14. Bxh7+ Kh8
15. Bg6 Ng4 16. Nf7+ Rxf7 17. Bxf7 Qc7 18. g3 cxd4 19. Qg6 Qe5 20. Bxd5 1-0

[Event "OL 2018 Women"]
[Site "Batumi"]
[Date "2018.09.28"]
[Round "5.4"]
[White "Salazar Gould, Melanie"]
[Black "Fredericia, Louise Winther"]
[Result "1-0"]
[WhiteElo "1926"]
[BlackElo "2060"]
[PlyCount "77"]
[EventDate "2018.??.??"]
[EventCountry "GEO"]
[WhiteTeam "Costa Rica"]
[BlackTeam "Denmark"]
[WhiteTeamCountry "CRI"]
[BlackTeamCountry "DEN"]

1. e4 c5 2. Nc3 Nc6 3. f4 d6 4. Nf3 Bg4 5. Bb5 e6 6. Bxc6+ bxc6 7. O-O d5 8. d3
Nf6 9. Qe1 Bxf3 10. Rxf3 Be7 11. e5 Nd7 12. Qg3 g6 13. Bd2 Qc7 14. a4 a5 15.
Nd1 Ra6 16. Qe1 Kd8 17. c4 Qa7 18. Nf2 Kc8 19. Ra3 Kb8 20. Rh3 Ka8 21. g4 Qb8
22. Qc1 f6 23. exf6 Bxf6 24. Bc3 Bd4 25. Bxd4 cxd4 26. g5 Qd6 27. Rb3 Nc5 28.
Ra3 Rb6 29. Ng4 dxc4 30. dxc4 Rhb8 31. Qd2 Rxb2 32. Qxa5+ Kb7 33. Rxh7+ Nd7 34.
Ne5 Ra8 35. Rxd7+ Qxd7 36. Qxa8+ Kxa8 37. Nxd7 Rb4 38. a5 Ka7 39. Ne5 1-0

[Event "OL 2018 Women"]
[Site "Batumi"]
[Date "2018.09.30"]
[Round "6.1"]
[White "Guindy, Esmat Susanne"]
[Black "Castrillon Gomez, Melissa"]
[Result "0-1"]
[WhiteElo "2157"]
[BlackElo "2248"]
[PlyCount "90"]
[EventDate "2018.??.??"]
[EventCountry "GEO"]
[WhiteTeam "Denmark"]
[BlackTeam "Colombia"]
[WhiteTeamCountry "DEN"]
[BlackTeamCountry "COL"]

1. d4 Nf6 2. c4 c5 3. Nf3 g6 4. Nc3 cxd4 5. Nxd4 Nc6 6. g3 d6 7. Bg2 Bd7 8. O-O
Bg7 9. h3 Qc8 10. Nxc6 Bxc6 11. Nd5 Nxd5 12. cxd5 Bb5 13. a4 Ba6 14. Ra2 Qc7
15. Be3 O-O 16. b4 b5 17. Rc2 Qb7 18. a5 Qd7 19. Bd4 Bxd4 20. Qxd4 Rfc8 21.
Rfc1 Rc4 22. Rxc4 bxc4 23. e4 Qa4 24. Qc3 Rb8 25. Rb1 Qa2 26. Rb2 Qa1+ 27. Bf1
Bc8 28. g4 h5 29. f3 h4 30. f4 Ba6 31. Kf2 Bb5 32. Be2 Qh1 33. Bf1 Qxe4 34. Re2
Qxf4+ 35. Ke1 Rb7 36. Re3 Ba6 37. Be2 Qg5 38. Re4 Qxd5 39. Qe3 e5 40. g5 Rxb4
41. Rxh4 Qh1+ 42. Kf2 Qh2+ 43. Ke1 Rb1+ 44. Kd2 c3+ 45. Kc2 Rb2+ 0-1

[Event "OL 2018 Women"]
[Site "Batumi"]
[Date "2018.09.30"]
[Round "6.2"]
[White "Franco Valencia, Beatriz Irene"]
[Black "Vasova, Maria"]
[Result "1-0"]
[WhiteElo "2191"]
[BlackElo "2143"]
[PlyCount "81"]
[EventDate "2018.??.??"]
[EventCountry "GEO"]
[WhiteTeam "Colombia"]
[BlackTeam "Denmark"]
[WhiteTeamCountry "COL"]
[BlackTeamCountry "DEN"]

1. d4 d5 2. c4 c6 3. cxd5 cxd5 4. Bf4 Nf6 5. Nc3 Nc6 6. e3 a6 7. Bd3 Bg4 8. f3
Bh5 9. Rc1 Bg6 10. Nge2 e6 11. Bg3 Be7 12. O-O O-O 13. Nf4 Bxd3 14. Nxd3 Nh5
15. Bf2 g6 16. Na4 Nb4 17. Nxb4 Bxb4 18. Qb3 Qe7 19. Nc5 Bxc5 20. Rxc5 Rfc8 21.
Rfc1 Qd7 22. Qb6 Rxc5 23. Qxc5 a5 24. g4 Nf6 25. Bg3 a4 26. Be5 Ne8 27. g5 Ra6
28. Qb4 Nd6 29. b3 axb3 30. axb3 Qd8 31. h4 h6 32. Bf6 Qa8 33. gxh6 Kh7 34. Be5
Nf5 35. e4 Nxh4 36. Qe7 Nxf3+ 37. Kg2 Nxe5 38. dxe5 Rc6 39. Qxf7+ Kxh6 40. Rh1+
Kg5 41. Qf6+ 1-0

[Event "OL 2018 Women"]
[Site "Batumi"]
[Date "2018.09.30"]
[Round "6.3"]
[White "Kryger, Oksana"]
[Black "Rivera, Ingris"]
[Result "1-0"]
[WhiteElo "2137"]
[BlackElo "2227"]
[PlyCount "139"]
[EventDate "2018.??.??"]
[EventCountry "GEO"]
[WhiteTeam "Denmark"]
[BlackTeam "Colombia"]
[WhiteTeamCountry "DEN"]
[BlackTeamCountry "COL"]

1. d4 Nf6 2. c4 g6 3. Nc3 Bg7 4. g3 O-O 5. Bg2 d6 6. e4 Nc6 7. Nge2 e5 8. d5
Ne7 9. O-O Nh5 10. Be3 f5 11. Qd2 Rf7 12. f4 Nf6 13. fxe5 dxe5 14. Kh1 Bd7 15.
Rad1 Qf8 16. d6 cxd6 17. Qxd6 Nc6 18. exf5 gxf5 19. Qxf8+ Bxf8 20. Nb5 Be6 21.
b3 Ng4 22. Bg1 Re8 23. h3 Nf6 24. Nd6 Bxd6 25. Rxd6 Kg7 26. Kh2 Bc8 27. Nc3 e4
28. Be3 Rd7 29. Rxd7+ Bxd7 30. Nb5 Kg6 31. Nd6 Rb8 32. Rd1 h5 33. Rd2 b6 34.
Bf1 Ne5 35. Kg2 Bc6 36. Be2 h4 37. Rd1 Nf3 38. gxh4 Nh5 39. Bxf3 exf3+ 40. Kf2
f4 41. Bc1 Rd8 42. Rg1+ Kh7 43. Nf7 Rd4 44. Ng5+ Kh6 45. Nxf3 Bxf3 46. Kxf3
Rd3+ 47. Ke4 Rxh3 48. Bxf4+ Nxf4 49. Kxf4 Rxh4+ 50. Ke5 Rh2 51. Ra1 Kg6 52. Kd6
Kf5 53. b4 Ke4 54. a3 Rh6+ 55. Kc7 Kd4 56. Rc1 Rh7+ 57. Kc6 Rh6+ 58. Kb5 Rh5+
59. c5 bxc5 60. bxc5 Rh8 61. Ka6 Rh7 62. c6 Rc7 63. Kb5 Kd5 64. Rd1+ Ke6 65.
Kc5 Ke7 66. Rb1 Kd8 67. Rb8+ Rc8 68. Rb7 a5 69. Kd6 Ke8 70. c7 1-0

[Event "OL 2018 Women"]
[Site "Batumi"]
[Date "2018.09.30"]
[Round "6.4"]
[White "Rodriguez Rueda, Paula Andrea"]
[Black "Nilssen, Ellen Fredericia"]
[Result "0-1"]
[WhiteElo "2298"]
[BlackElo "2101"]
[PlyCount "120"]
[EventDate "2018.??.??"]
[EventCountry "GEO"]
[WhiteTeam "Colombia"]
[BlackTeam "Denmark"]
[WhiteTeamCountry "COL"]
[BlackTeamCountry "DEN"]

1. d4 Nf6 2. c4 g6 3. Nc3 d5 4. cxd5 Nxd5 5. e4 Nxc3 6. bxc3 Bg7 7. Bc4 c5 8.
Ne2 Nc6 9. Be3 O-O 10. O-O Qc7 11. Rc1 Rd8 12. Bf4 Qd7 13. dxc5 Qe8 14. Qc2 Bd7
15. Rfd1 Rac8 16. Bb3 Ne5 17. Bxe5 Bxe5 18. Rd5 Bg7 19. Rcd1 Bc6 20. Rxd8 Rxd8
21. f3 e6 22. Kh1 Bf8 23. Nd4 Bxc5 24. Qe2 Bb6 25. f4 Qe7 26. Nxc6 Rxd1+ 27.
Qxd1 bxc6 28. Qf1 Qc5 29. c4 Qe3 30. Bc2 Kg7 31. Bb1 Bc7 32. g3 h5 33. Qd3 Qf2
34. e5 Bb6 35. Qd1 h4 36. gxh4 Be3 37. Be4 Bxf4 38. Qg1 Qxh4 39. Bxc6 Bxe5 40.
c5 Bd4 41. Qg3 Qh5 42. Qf3 Qxf3+ 43. Bxf3 Bxc5 44. Bc6 f5 45. Kg2 g5 46. Kf3
Kf6 47. h3 e5 48. Kg3 e4 49. h4 gxh4+ 50. Kxh4 Ke5 51. Kg3 f4+ 52. Kg4 Bf2 53.
Bb7 Be1 54. Bc6 Bd2 55. Bb7 Bc1 56. Bc6 Kd4 57. Bb5 f3 58. Kg3 Ke3 59. Bc6 Ke2
60. Bb5+ Ke1 0-1